La Rebolledo (Record no. 186708)

MARC details
000 -LEADER
campo de control de longitud fija 00702nam a2200205 i 4500
001 - NÚMERO DE CONTROL
campo de control 186708
003 - IDENTIFICADOR DE NÚMERO DE CONTROL
campo de control ES-MaACL
005 - FECHA Y HORA DE LA ÚLTIMA TRANSACCIÓN
campo de control 20251217063024.0
008 - DATOS DE LONGITUD FIJA--INFORMACIÓN GENERAL
campo de control de longitud fija 170208s1909 sp |||| | spa d
080 ## - NÚMERO DE LA CLASIFICACIÓN DECIMAL UNIVERSAL
Número de la Clasificación Decimal Universal 821.134.2-32"18"
100 1# - ENTRADA PRINCIPAL--NOMBRE DE PERSONA
Nombre de persona Laserna, José de,
Fechas asociadas al nombre 1855-1927
9 (RLIN) 161664
245 10 - MENCIÓN DEL TÍTULO
Título La Rebolledo
Resto del título : novela /
Mención de responsabilidad, etc. de José de Laserna ; ilustraciones de Fernández-Mota.
260 ## - PUBLICACIÓN, DISTRIBUCIÓN, ETC.
Lugar de publicación, distribución, etc. Madrid :
Nombre del editor, distribuidor, etc. Los Contemporáneos,
Fecha de publicación, distribución, etc. 1909.
300 ## - DESCRIPCIÓN FÍSICA
Extensión [20 p.] :
Otras características físicas il. ;
Dimensiones 27 cm.
490 1# - MENCIÓN DE SERIE
Mención de serie Los contemporáneos ;
Designación de volumen o secuencia año 1, n. 33
700 1# - ENTRADA AGREGADA--NOMBRE PERSONAL
Nombre de persona Mota, F. (
Fechas asociadas al nombre fl. 1901)
9 (RLIN) 49947
830 0# - PUNTO DE ACCESO ADICIONAL DE SERIE-TÍTULO UNIFORME
Título uniforme Los contemporáneos ;
Designación de volumen o secuencia año 1, n. 33
9 (RLIN) 185715
852 ## - LOCALIZACIÓN
Ubicación ES-MaACL
Número de control de estantería R-2597(6)
Holdings
Estatus retirado Estado de pérdida Estado de daño No para préstamo Biblioteca de origen Biblioteca actual Ubicación en estantería Fecha de adquisición Fuente de adquisición Total de préstamos Signatura topográfica completa Código de barras Visto por última vez Precio de reemplazo Tipo de ítem Koha
        Biblioteca del Ateneo de Madrid Biblioteca del Ateneo de Madrid Depósito 08/02/2017     R-2597(6) 1196942 23/02/2023 23/02/2023 Libro impreso